[Event "HUN-chT2 Erkel 1819"]
[Site "Hungary"]
[Date "2018.10.28"]
[Round "1.2"]
[White "Mozes, Ervin"]
[Black "Kis, Jozsef"]
[Result "1/2-1/2"]
[WhiteElo "2157"]
[BlackElo "2017"]
[PlyCount "67"]
[EventDate "2018.10.28"]
[EventType "team-tourn"]
[EventRounds "9"]
[EventCountry "HUN"]
[SourceTitle "EXT 2021"]
[Source "ChessBase"]
[SourceDate "2020.10.23"]
[SourceVersion "1"]
[SourceVersionDate "2020.10.23"]
[SourceQuality "1"]
[WhiteTeam "Gyongyos Energia"]
[BlackTeam "Andornaktalya"]
[WhiteTeamCountry "HUN"]
[BlackTeamCountry "HUN"]

1. g3 Nf6 2. Bg2 g6 3. e4 d6 4. Ne2 Bg7 5. 0-0 0-0 6. d4 e5 7. c4 Nbd7 8. Nbc3 Re8 9. h3 exd4 10. Nxd4 Nc5 11. Re1 c6 12. b3 Qb6 13. Bb2 Nfd7 14. Rb1 a5 15. Ba1 Ne5 16. Re3 Qc7 17. Nc2 Be6 18. Ne2 Rad8 19. Kh2 Qb8 20. f4 Ned7 21. Ned4 f5 22. Nxe6 Nxe6 23. exf5 gxf5 24. Qh5 Bxa1 25. Qxf5 Ng7 26. Rxe8+ Rxe8 27. Qxd7 Bc3 28. Qg4 Qd8 29. Rd1 Qe7 30. Rd3 Qf6 31. Qd1 Rd8 32. Ne3 h5 33. a3 Bb2 34. b4 1/2-1/2

[Event "HUN-chT2 Erkel 1718"]
[Site "Hungary"]
[Date "2018.05.06"]
[Round "11.2"]
[White "Kis, Jozsef"]
[Black "Eberth, Zoltan"]
[Result "0-1"]
[WhiteElo "1967"]
[BlackElo "2191"]
[PlyCount "66"]
[EventDate "2017.09.24"]
[EventType "team-tourn"]
[EventRounds "11"]
[EventCountry "HUN"]
[SourceTitle "EXT 2021"]
[Source "ChessBase"]
[SourceDate "2020.10.23"]
[SourceVersion "1"]
[SourceVersionDate "2020.10.23"]
[SourceQuality "1"]
[WhiteTeam "Andornaktalya"]
[BlackTeam "Jaszbereny"]
[WhiteTeamCountry "HUN"]
[BlackTeamCountry "HUN"]

1. e4 d5 2. exd5 Qxd5 3. Nf3 Bf5 4. Nc3 Qa5 5. b4 Qb6 6. Bc4 e6 7. Rb1 Nd7 8. 0-0 Ngf6 9. d3 c6 10. Bf4 a6 11. a4 Be7 12. a5 Qd8 13. Nd4 Bg6 14. Nf3 h6 15. Na4 0-0 16. Qd2 Bh5 17. Rfe1 Bxf3 18. gxf3 Nh7 19. Kh1 Bg5 20. Rg1 Qf6 21. Bxg5 Nxg5 22. Rg3 Nxf3 23. Qe2 Nd4 24. Qg4 Rad8 25. Rbg1 Nf5 26. Qh3 Nxg3+ 27. Qxg3 Ne5 28. Bb3 Nf3 29. Rd1 Rd4 30. Nc5 Rh4 31. Nd7 Qf5 32. Nxf8 Rxh2+ 33. Qxh2 Nxh2 0-1

[Event "HUN-chT2 Erkel 1718"]
[Site "Hungary"]
[Date "2018.03.04"]
[Round "9.2"]
[White "Kis, Jozsef"]
[Black "Frink, Ferenc"]
[Result "1-0"]
[WhiteElo "1967"]
[BlackElo "2070"]
[PlyCount "81"]
[EventDate "2017.09.24"]
[EventType "team-tourn"]
[EventRounds "11"]
[EventCountry "HUN"]
[SourceTitle "EXT 2021"]
[Source "ChessBase"]
[SourceDate "2020.10.23"]
[SourceVersion "1"]
[SourceVersionDate "2020.10.23"]
[SourceQuality "1"]
[WhiteTeam "Andornaktalya"]
[BlackTeam "Salgotarjan"]
[WhiteTeamCountry "HUN"]
[BlackTeamCountry "HUN"]

1. e4 Nc6 2. Nf3 e6 3. Bb5 Nce7 4. d4 c6 5. Bd3 d5 6. e5 Ng6 7. h4 Be7 8. h5 Nf8 9. Rh3 f5 10. Rg3 g6 11. Nc3 c5 12. dxc5 Bxc5 13. Kf1 Bd7 14. Qe2 Ne7 15. Bd2 Qb6 16. b4 Bxb4 17. Nb5 Bc5 18. a4 Bxb5 19. Bxb5+ Nc6 20. a5 Qc7 21. h6 0-0-0 22. Bg5 Re8 23. Bf6 Rg8 24. Bxc6 Qxc6 25. Ng5 Kb8 26. Rb3 Rc8 27. Rab1 Rc7 28. Qb5 Qxb5+ 29. Rxb5 b6 30. axb6 Bxb6 31. Bd8 Nd7 32. Bxc7+ Kxc7 33. Nxe6+ Kc6 34. f4 g5 35. Ng7 gxf4 36. e6 Nf6 37. e7 Kd7 38. Re1 Ne4 39. Rxd5+ Kc6 40. Rxe4 fxe4 41. Re5 1-0

[Event "HUN-chT2 Erkel 1718"]
[Site "Hungary"]
[Date "2018.02.18"]
[Round "8.3"]
[White "Kis, Jozsef"]
[Black "Szepes, Tamas"]
[Result "0-1"]
[WhiteElo "1967"]
[BlackElo "2180"]
[PlyCount "50"]
[EventDate "2017.09.24"]
[EventType "team-tourn"]
[EventRounds "11"]
[EventCountry "HUN"]
[SourceTitle "EXT 2021"]
[Source "ChessBase"]
[SourceDate "2020.10.23"]
[SourceVersion "1"]
[SourceVersionDate "2020.10.23"]
[SourceQuality "1"]
[WhiteTeam "Andornaktalya"]
[BlackTeam "Pestszentlorinc"]
[WhiteTeamCountry "HUN"]
[BlackTeamCountry "HUN"]

1. e4 e5 2. Nf3 Nc6 3. d4 exd4 4. Bc4 Nf6 5. e5 d5 6. Bb5 Ne4 7. Nxd4 Bc5 8. Be3 0-0 9. Nxc6 bxc6 10. Bxc5 Nxc5 11. Bxc6 Ba6 12. f4 Qb8 13. Nc3 Qxb2 14. Nxd5 Rad8 15. Kf2 Ne4+ 16. Kf3 f5 17. Qc1 Qd4 18. Qe3 Rxd5 19. Bxd5+ Qxd5 20. Rhd1 Qc6 21. Rd4 Bb7 22. Qb3+ Kh8 23. Ke3 g5 24. Rad1 gxf4+ 25. Kxf4 Qh6+ 0-1

[Event "HUN-chT2 Erkel 1718"]
[Site "Hungary"]
[Date "2018.01.28"]
[Round "7.2"]
[White "Lorincz, Istvan"]
[Black "Kis, Jozsef"]
[Result "1/2-1/2"]
[WhiteElo "2257"]
[BlackElo "1967"]
[PlyCount "208"]
[EventDate "2017.09.24"]
[EventType "team-tourn"]
[EventRounds "11"]
[EventCountry "HUN"]
[SourceTitle "EXT 2021"]
[Source "ChessBase"]
[SourceDate "2020.10.23"]
[SourceVersion "1"]
[SourceVersionDate "2020.10.23"]
[SourceQuality "1"]
[WhiteTeam "Budapest EAC"]
[BlackTeam "Andornaktalya"]
[WhiteTeamCountry "HUN"]
[BlackTeamCountry "HUN"]

1. d4 Nf6 2. Nf3 g6 3. Bg5 Bg7 4. c3 b6 5. Nbd2 Bb7 6. a4 a6 7. e3 0-0 8. Bd3 d6 9. e4 Nbd7 10. 0-0 h6 11. Bh4 e5 12. d5 Qe8 13. Bxf6 Bxf6 14. b4 Bd8 15. Qc2 Qe7 16. Rfe1 Kg7 17. a5 Nb8 18. Nc4 b5 19. Ne3 Nd7 20. c4 bxc4 21. Bxc4 Nb8 22. Rec1 Qd7 23. Bd3 Qe7 24. Ra3 Nd7 25. Rc3 Kh7 26. h3 Kg8 27. Nd2 Kh7 28. Nb3 Re8 29. b5 axb5 30. Bxb5 Ba6 31. Bxa6 Rxa6 32. Qd3 Ra7 33. Qb5 Rg8 34. Rc6 Qe8 35. Ra6 Rxa6 36. Qxa6 Nf6 37. Qb7 Nxe4 38. a6 Bg5 39. Rxc7 Rf8 40. a7 Bxe3 41. fxe3 Kg8 42. Qb4 Qd8 43. a8Q Qxa8 44. Qxe4 Qd8 45. Qc4 Qg5 46. Kf2 f5 47. Rc8 f4 48. Rxf8+ Kxf8 49. exf4 exf4 50. Qe4 Qg3+ 51. Kg1 Qxb3 52. Qxf4+ Ke7 53. Qe4+ Kd8 54. Qxg6 Qd1+ 55. Kf2 Qd2+ 56. Kg3 Qe1+ 57. Kg4 Qd1+ 58. Kh4 Qxd5 59. g4 Qd2 60. Kh5 d5 61. Qxh6 Qxh6+ 62. Kxh6 d4 63. g5 d3 64. g6 d2 65. g7 d1Q 66. g8Q+ Kc7 67. h4 Qh1 68. h5 Kb6 69. Qg6+ Ka5 70. Qf5+ Ka4 71. Kg5 Ka3 72. h6 Qg1+ 73. Kh5 Qh1+ 74. Kg6 Qc6+ 75. Kg7 Qc7+ 76. Kg8 Qg3+ 77. Kf7 Qc7+ 78. Kf6 Qd6+ 79. Qe6 Qf4+ 80. Kg7 Qg3+ 81. Kf7 Qf3+ 82. Qf6 Qh5+ 83. Kf8 Qh3 84. Qe7+ Ka2 85. h7 Qh6+ 86. Kg8 Qg6+ 87. Kf8 Qh6+ 88. Kg8 Qg6+ 89. Qg7 Qe8+ 90. Qf8 Qg6+ 91. Kh8 Kb1 92. Qe7 Ka2 93. Qg7 Qd6 94. Qf7+ Kb1 95. Kg7 Qd4+ 96. Qf6 Qd7+ 97. Qf7 Qd4+ 98. Qf6 Qd7+ 99. Kg6 Qg4+ 100. Qg5 Qe6+ 101. Qf6 Qg4+ 102. Kh6 Qh3+ 103. Kg6 Qg4+ 104. Kh6 Qh3+ 1/2-1/2

[Event "HUN-chT2 Erkel 1718"]
[Site "Hungary"]
[Date "2017.12.03"]
[Round "5.3"]
[White "Kis, Jozsef"]
[Black "Papp, Gellert"]
[Result "1/2-1/2"]
[WhiteElo "1967"]
[BlackElo "2337"]
[PlyCount "101"]
[EventDate "2017.09.24"]
[EventType "team-tourn"]
[EventRounds "11"]
[EventCountry "HUN"]
[SourceTitle "EXT 2021"]
[Source "ChessBase"]
[SourceDate "2020.10.23"]
[SourceVersion "1"]
[SourceVersionDate "2020.10.23"]
[SourceQuality "1"]
[WhiteTeam "Andornaktalya"]
[BlackTeam "Szigetszentmiklos"]
[WhiteTeamCountry "HUN"]
[BlackTeamCountry "HUN"]

1. e4 c5 2. Nf3 Nc6 3. Bb5 e6 4. 0-0 Nge7 5. c3 a6 6. Ba4 b5 7. Bc2 Bb7 8. d3 d5 9. Qe2 d4 10. a4 Ng6 11. axb5 axb5 12. Rxa8 Bxa8 13. Na3 Qb8 14. Ng5 Be7 15. Qh5 dxc3 16. bxc3 b4 17. cxb4 cxb4 18. Nc4 b3 19. Bb1 Qd8 20. h4 Nd4 21. f4 Bxg5 22. hxg5 0-0 23. Ba3 Re8 24. g3 Nc2 25. Bxc2 bxc2 26. Bd6 Bd5 27. exd5 exd5 28. f5 dxc4 29. fxg6 hxg6 30. Qf3 Qxd6 31. Qxf7+ Kh7 32. Qxe8 Qxg3+ 33. Kh1 Qh3+ 34. Kg1 Qxf1+ 35. Kxf1 c1Q+ 36. Qe1 Qf4+ 37. Qf2 Qxg5 38. dxc4 Qc1+ 39. Kg2 Qxc4 40. Kg3 g5 41. Qb2 Qf4+ 42. Kg2 g4 43. Qb1+ Kh6 44. Qb6+ Qf6 45. Qe3+ Kh5 46. Qe8+ g6 47. Qb8 Qf3+ 48. Kg1 g3 49. Qh8+ Kg4 50. Qh5+ Kf4 51. Qe5+ 1/2-1/2

[Event "HUN-chT2 Erkel 1718"]
[Site "Hungary"]
[Date "2017.09.24"]
[Round "1.2"]
[White "Nagyajtai, Gabor"]
[Black "Kis, Jozsef"]
[Result "0-1"]
[WhiteElo "2140"]
[BlackElo "1967"]
[PlyCount "107"]
[EventDate "2017.09.24"]
[EventType "team-tourn"]
[EventRounds "11"]
[EventCountry "HUN"]
[SourceTitle "EXT 2021"]
[Source "ChessBase"]
[SourceDate "2020.10.23"]
[SourceVersion "1"]
[SourceVersionDate "2020.10.23"]
[SourceQuality "1"]
[WhiteTeam "Szada GSBE"]
[BlackTeam "Andornaktalya"]
[WhiteTeamCountry "HUN"]
[BlackTeamCountry "HUN"]

1. d4 Nf6 2. Nf3 g6 3. Bg5 Bg7 4. Nbd2 d6 5. c3 0-0 6. e4 Nc6 7. Bb5 Bd7 8. 0-0 h6 9. Bh4 Qe8 10. e5 Nh5 11. Re1 d5 12. a4 a6 13. Bf1 Be6 14. Nb3 b6 15. a5 Qc8 16. Qe2 Nf4 17. Qd2 Nh5 18. h3 f5 19. exf6 exf6 20. axb6 cxb6 21. Rxa6 Rxa6 22. Bxa6 Qd7 23. Qe3 Bf7 24. g4 g5 25. Bg3 Nxg3 26. fxg3 h5 27. Nh2 Qd6 28. Qf3 Bg6 29. gxh5 Be4 30. Qg4 Bh6 31. Nf1 f5 32. Qe2 f4 33. g4 f3 34. Qf2 Ra8 35. Bb5 Ra2 36. Nc1 Ra1 37. Nd2 Ne7 38. Nd3 Rxe1+ 39. Nxe1 Qf4 40. Ndxf3 Qc1 41. Ne5 Bg7 42. Kf1 Kh7 43. N5d3 Qb1 44. Qc2 Qa1 45. Qc1 Qa5 46. Bd7 Bf6 47. Nf2 Qa6+ 48. c4 Bxd4 49. Bb5 Qb7 50. Qxg5 Bxf2 51. Kxf2 Qc7 52. Nf3 Ng8 53. Qe5 Qf7 54. Qxe4+ 0-1

[Event "Eger Agria op 41th"]
[Site "Eger"]
[Date "2017.07.19"]
[Round "4"]
[White "Kis, Jozsef"]
[Black "Harmatosi, Jozsef"]
[Result "1/2-1/2"]
[WhiteElo "1983"]
[BlackElo "2152"]
[PlyCount "93"]
[EventDate "2017.07.17"]
[EventType "swiss"]
[EventRounds "9"]
[EventCountry "HUN"]
[SourceTitle "EXT 2020"]
[Source "ChessBase"]
[SourceDate "2019.10.17"]
[SourceVersion "1"]
[SourceVersionDate "2019.10.17"]
[SourceQuality "1"]

1. e4 Nc6 2. Nc3 Nf6 3. d4 d5 4. e5 Nd7 5. Nge2 Nb6 6. Nf4 e6 7. a3 Bd7 8. h4 Qe7 9. Rh3 0-0-0 10. Bb5 Qe8 11. Bxc6 Bxc6 12. b3 Be7 13. Rg3 Qf8 14. h5 h6 15. Rf3 Qe8 16. Rg3 Bf8 17. Qg4 Bd7 18. Qe2 Kb8 19. Kf1 Rc8 20. Kg1 Rg8 21. a4 c5 22. Be3 c4 23. Bd2 Be7 24. a5 Na8 25. Na4 g5 26. hxg6 fxg6 27. Nc5 Bxc5 28. dxc5 Bb5 29. Qe3 Nc7 30. b4 g5 31. Ne2 Bc6 32. Nd4 Nb5 33. c3 Nxd4 34. Qxd4 a6 35. Re1 Ba4 36. Be3 Rc6 37. Rf1 Bc2 38. Rh3 h5 39. f3 g4 40. fxg4 Rxg4 41. Rf4 Bf5 42. Rh4 Qg6 43. Rfxg4 Bxg4 44. Qf4 Qb1+ 45. Qf1 Qe4 46. Qf4 Qb1+ 47. Qf1 1/2-1/2

[Event "Eger Agria op 41th"]
[Site "Eger"]
[Date "2017.07.18"]
[Round "3"]
[White "Hever, Janos"]
[Black "Kis, Jozsef"]
[Result "0-1"]
[WhiteElo "1696"]
[BlackElo "1983"]
[PlyCount "88"]
[EventDate "2017.07.17"]
[EventType "swiss"]
[EventRounds "9"]
[EventCountry "HUN"]
[SourceTitle "EXT 2020"]
[Source "ChessBase"]
[SourceDate "2019.10.17"]
[SourceVersion "1"]
[SourceVersionDate "2019.10.17"]
[SourceQuality "1"]

1. e4 g6 2. f4 Bg7 3. d4 c5 4. Be3 Qb6 5. e5 Qxb2 6. Nd2 Qc3 7. Bd3 cxd4 8. Ne2 Qa5 9. Bxd4 Nc6 10. Bc3 Qc7 11. 0-0 Nh6 12. Nf3 0-0 13. Rb1 d6 14. exd6 Qxd6 15. Bxg7 Kxg7 16. h3 Rd8 17. Qc1 f6 18. Kh1 b6 19. Qb2 Nf7 20. Rbd1 Qb4 21. Qa1 Qc5 22. Ng3 Nd6 23. Rde1 h6 24. Nh4 g5 25. Nh5+ Kf7 26. Bg6+ Kg8 27. Nf3 g4 28. Nh4 gxh3 29. Rg1 Nf5 30. Bxf5 Bxf5 31. Nxf6+ exf6 32. Qxf6 h2 33. Nxf5 hxg1Q+ 34. Rxg1 Qf8 35. Qg6+ Kh8 36. Re1 Re8 37. Rd1 Ne7 38. Nxe7 Qxe7 39. f5 Qh4+ 40. Kg1 Re1+ 41. Rxe1 Qxe1+ 42. Kh2 Qh4+ 43. Kg1 Rd8 44. g3 Qg5 0-1

[Event "HUN-chT2 Erkel 1617"]
[Site "Hungary"]
[Date "2017.04.09"]
[Round "11.5"]
[White "Sillye, Kalman"]
[Black "Kis, Jozsef"]
[Result "1/2-1/2"]
[WhiteElo "2042"]
[BlackElo "2019"]
[PlyCount "24"]
[EventDate "2016.09.25"]
[EventType "team-tourn"]
[EventRounds "11"]
[EventCountry "HUN"]
[SourceTitle "EXT 2021"]
[Source "ChessBase"]
[SourceDate "2020.10.23"]
[SourceVersion "1"]
[SourceVersionDate "2020.10.23"]
[SourceQuality "1"]
[WhiteTeam "Szada GSBE"]
[BlackTeam "Andornaktalya"]
[WhiteTeamCountry "HUN"]
[BlackTeamCountry "HUN"]

1. d4 c5 2. c3 b6 3. Bf4 Bb7 4. e3 Nf6 5. Nd2 g6 6. h3 Bg7 7. Ngf3 0-0 8. Be2 d6 9. 0-0 Nbd7 10. Qb1 Nd5 11. Bh2 cxd4 12. cxd4 Rc8 1/2-1/2

[Event "HUN-chT2 Erkel 1617"]
[Site "Hungary"]
[Date "2017.03.12"]
[Round "10.5"]
[White "Kis, Jozsef"]
[Black "Kerek, Krisztian"]
[Result "0-1"]
[WhiteElo "2019"]
[BlackElo "2269"]
[PlyCount "62"]
[EventDate "2016.09.25"]
[EventType "team-tourn"]
[EventRounds "11"]
[EventCountry "HUN"]
[SourceTitle "EXT 2021"]
[Source "ChessBase"]
[SourceDate "2020.10.23"]
[SourceVersion "1"]
[SourceVersionDate "2020.10.23"]
[SourceQuality "1"]
[WhiteTeam "Andornaktalya"]
[BlackTeam "Szigetszentmiklos"]
[WhiteTeamCountry "HUN"]
[BlackTeamCountry "HUN"]

1. e4 c5 2. Nf3 g6 3. d4 cxd4 4. Nxd4 Nf6 5. Nc3 Nc6 6. Be3 Bg7 7. Nb3 0-0 8. Be2 b6 9. f4 d6 10. g4 Bb7 11. g5 Nd7 12. 0-0 Rc8 13. h4 Nb4 14. Bd3 Rxc3 15. bxc3 Bxc3 16. h5 Qc7 17. Qe2 Bxa1 18. Rxa1 Rc8 19. hxg6 hxg6 20. Nd4 Qc3 21. Rd1 Nc5 22. Nb5 Qb2 23. Bd4 Qxa2 24. Ra1 Qe6 25. Bc4 Qxe4 26. Qh2 e5 27. Bxf7+ Kxf7 28. Qh7+ Ke6 29. f5+ Qxf5 30. Bb2 Qg4+ 31. Kf1 Qg2+ 0-1

[Event "HUN-chT2 Erkel 1516"]
[Site "Hungary"]
[Date "2015.09.13"]
[Round "1.3"]
[White "Laza, Szabolcs"]
[Black "Kis, Jozsef"]
[Result "1-0"]
[WhiteElo "2184"]
[BlackElo "2055"]
[PlyCount "77"]
[EventDate "2015.09.13"]
[EventType "team-tourn"]
[EventRounds "11"]
[EventCountry "HUN"]
[SourceTitle "CBM 170 Extra"]
[Source "ChessBase"]
[SourceDate "2016.02.25"]
[SourceVersion "1"]
[SourceVersionDate "2016.02.25"]
[SourceQuality "1"]
[WhiteTeam "Budapest MTK II"]
[BlackTeam "Matra"]
[WhiteTeamCountry "HUN"]
[BlackTeamCountry "HUN"]

1. d4 Nf6 2. c4 g6 3. Nc3 Bg7 4. e4 d6 5. Be2 0-0 6. f4 c5 7. Nf3 Qa5 8. 0-0 Nc6 9. Kh1 cxd4 10. Nxd4 Nxd4 11. Qxd4 Be6 12. Qd3 Rac8 13. Nd5 Nxd5 14. cxd5 Bd7 15. Bd2 Qb6 16. Bc3 Bxc3 17. bxc3 Qb2 18. Rfb1 Qxc3 19. Qxc3 Rxc3 20. Rxb7 Rfc8 21. Kg1 R3c7 22. Rab1 Kf8 23. Kf2 e6 24. e5 dxe5 25. d6 Rxb7 26. Rxb7 Bc6 27. Rc7 Rxc7 28. dxc7 Bb7 29. fxe5 Bc8 30. Ke3 f6 31. Kd4 fxe5+ 32. Kxe5 Ke7 33. Bc4 h6 34. g4 g5 35. a3 a6 36. Bb3 a5 37. Bc4 Kf7 38. Kd6 Kf6 39. Bb5 1-0

[Event "HUN-chT2 Erkel 1314"]
[Site "Hungary"]
[Date "2014.02.02"]
[Round "6.5"]
[White "Kis, Jozsef"]
[Black "Nagy, Ervin"]
[Result "1/2-1/2"]
[WhiteElo "2076"]
[BlackElo "2282"]
[PlyCount "39"]
[EventDate "2013.09.08"]
[EventType "team-tourn"]
[EventRounds "11"]
[EventCountry "HUN"]
[SourceTitle "EXT 2016"]
[Source "ChessBase"]
[SourceDate "2015.10.08"]
[SourceVersion "1"]
[SourceVersionDate "2015.10.08"]
[SourceQuality "1"]
[WhiteTeam "Andornaktalya"]
[BlackTeam "Budapest Honved"]
[WhiteTeamCountry "HUN"]
[BlackTeamCountry "HUN"]

1. e4 c5 2. Nf3 e6 3. d4 cxd4 4. Nxd4 Nf6 5. Nc3 d6 6. Be2 Be7 7. 0-0 0-0 8. Kh1 e5 9. Nb3 Be6 10. f4 exf4 11. Bxf4 Nc6 12. Nd4 Rc8 13. Nxe6 fxe6 14. Bc4 Qd7 15. Bb3 Kh8 16. Bg3 e5 17. Bh4 Ng4 18. Bxe7 Nxe7 19. Qe2 Ng6 20. g3 1/2-1/2

[Event "Eger Agria op"]
[Site "Eger"]
[Date "2009.07.23"]
[Round "2"]
[White "Gempe, Thomas"]
[Black "Kis, Jozsef"]
[Result "1/2-1/2"]
[WhiteElo "2299"]
[BlackElo "2104"]
[PlyCount "150"]
[EventDate "2009.07.22"]
[EventType "swiss"]
[EventRounds "7"]
[EventCountry "HUN"]
[SourceTitle "EXT 2011"]
[Source "ChessBase"]
[SourceDate "2010.11.26"]
[SourceVersion "1"]
[SourceVersionDate "2010.11.26"]
[SourceQuality "1"]

1. e4 e5 2. Nf3 Nc6 3. Bc4 Bc5 4. c3 Nf6 5. d4 exd4 6. 0-0 0-0 7. cxd4 Bb6 8. d5 Ne7 9. e5 Ne8 10. d6 cxd6 11. exd6 Ng6 12. Bg5 Nf6 13. h4 Re8 14. Qb3 Nh8 15. Nc3 h6 16. Bf4 Ba5 17. Rfe1 Bxc3 18. bxc3 b6 19. Rxe8+ Qxe8 20. Re1 Qf8 21. Re7 Bb7 22. Ne5 Re8 23. Rxf7 Nxf7 24. Bxf7+ Kh7 25. Bg6+ Kh8 26. Bxe8 Qxe8 27. Qc4 Bd5 28. Qe2 Kg8 29. c4 Be4 30. f3 Bb1 31. a3 Qe6 32. Qb2 Qf5 33. Qd2 Qe6 34. Qd4 Ne8 35. c5 bxc5 36. Qxc5 Qxd6 37. Qxd6 Nxd6 38. Nxd7 Nc4 39. a4 Kf7 40. Nc5 a5 41. Kf2 Bc2 42. Bc7 Nb2 43. Bxa5 Nxa4 44. Nb7 Ke6 45. Ke3 g6 46. Kd4 Bd1 47. Bb4 h5 48. Nd8+ Kf5 49. Nf7 Nb6 50. Bd2 Nd7 51. Bg5 Bb3 52. Nd6+ Ke6 53. Ne4 Bd1 54. Nf2 Be2 55. Bd8 Bf1 56. g3 Ne5 57. Ke3 Bg2 58. Bc7 Nf7 59. Kf4 Kd7 60. Bb8 Ke6 61. Ne4 Bf1 62. Ba7 Be2 63. Bd4 Bd1 64. Nc3 Bc2 65. g4 hxg4 66. fxg4 Bd3 67. Bg7 Bc2 68. Ne2 Bb1 69. Nd4+ Ke7 70. Nb3 Nd8 71. Bc3 Ne6+ 72. Ke5 Bc2 73. Nd2 Bd1 74. Bb4+ Kf7 75. Ne4 Bxg4 1/2-1/2

[Event "Eger Agria op"]
[Site "Eger"]
[Date "2009.07.22"]
[Round "1"]
[White "Kis, Jozsef"]
[Black "Bojtar, Lajos"]
[Result "1-0"]
[WhiteElo "2104"]
[BlackElo "1596"]
[PlyCount "43"]
[EventDate "2009.07.22"]
[EventType "swiss"]
[EventRounds "7"]
[EventCountry "HUN"]
[SourceTitle "EXT 2011"]
[Source "ChessBase"]
[SourceDate "2010.11.26"]
[SourceVersion "1"]
[SourceVersionDate "2010.11.26"]
[SourceQuality "1"]

1. e4 e5 2. d4 exd4 3. Nf3 Nc6 4. Bc4 h6 5. Nxd4 Nxd4 6. Qxd4 c6 7. a4 b6 8. Nc3 Bb7 9. Bf4 d6 10. Rd1 Qf6 11. e5 c5 12. Qe3 dxe5 13. Bb5+ Bc6 14. Nd5 Qd6 15. Bxe5 Kd7 16. Qh3+ Kd8 17. Bxd6 Bxb5 18. Bc7+ Ke8 19. axb5 Be7 20. Nxe7 Kxe7 21. Qd7+ Kf6 22. Qc6+ 1-0

[Event "Eger Osz op"]
[Site "Eger"]
[Date "2008.10.25"]
[Round "7"]
[White "Kis, Jozsef"]
[Black "Kovacs, Lajos1111"]
[Result "1/2-1/2"]
[WhiteElo "2115"]
[BlackElo "2057"]
[PlyCount "20"]
[EventDate "2008.10.22"]
[EventType "swiss"]
[EventRounds "7"]
[EventCountry "HUN"]
[SourceTitle "EXT 2011"]
[Source "ChessBase"]
[SourceDate "2010.11.26"]
[SourceVersion "1"]
[SourceVersionDate "2010.11.26"]
[SourceQuality "1"]

1. e4 c5 2. Nf3 e6 3. b3 Nc6 4. Bb5 a6 5. Bxc6 bxc6 6. 0-0 d5 7. Nc3 Be7 8. d3 Nf6 9. Re1 0-0 10. Bb2 Qc7 1/2-1/2

[Event "Eger Osz op"]
[Site "Eger"]
[Date "2008.10.23"]
[Round "2"]
[White "Bujdoso, Bela"]
[Black "Kis, Jozsef"]
[Result "1/2-1/2"]
[WhiteElo "1980"]
[BlackElo "2115"]
[PlyCount "21"]
[EventDate "2008.10.22"]
[EventType "swiss"]
[EventRounds "7"]
[EventCountry "HUN"]
[SourceTitle "EXT 2011"]
[Source "ChessBase"]
[SourceDate "2010.11.26"]
[SourceVersion "1"]
[SourceVersionDate "2010.11.26"]
[SourceQuality "1"]

1. e4 e5 2. Nf3 Nc6 3. d4 exd4 4. Nxd4 Nf6 5. Nxc6 bxc6 6. e5 Qe7 7. Qe2 Nd5 8. c4 Ba6 9. Qe4 Nf6 10. Qe2 Nd5 11. Qe4 1/2-1/2

[Event "HUN-chT2 Erkel 0708"]
[Site "Hungary"]
[Date "2008.05.18"]
[Round "11"]
[White "Kis, Jozsef"]
[Black "Vereb, Gabor"]
[Result "0-1"]
[WhiteElo "2138"]
[BlackElo "2186"]
[PlyCount "74"]
[EventDate "2007.10.14"]
[EventType "team"]
[EventRounds "11"]
[EventCountry "HUN"]
[SourceTitle "EXT 2009"]
[Source "ChessBase"]
[SourceDate "2008.11.26"]
[SourceVersion "1"]
[SourceVersionDate "2008.11.26"]
[SourceQuality "1"]
[WhiteTeam "HMO"]
[BlackTeam "Godollo"]
[WhiteTeamCountry "HUN"]
[BlackTeamCountry "HUN"]

1. e4 c5 2. Nf3 d6 3. d4 cxd4 4. Nxd4 Nf6 5. Nc3 a6 6. Be2 e6 7. 0-0 Be7 8. f4 Qc7 9. Kh1 0-0 10. g4 Nc6 11. g5 Nd7 12. f5 Nxd4 13. Qxd4 Re8 14. f6 Bf8 15. Qf2 Ne5 16. Be3 b5 17. Bd4 g6 18. Bxe5 dxe5 19. Bd3 Bb7 20. Qh4 Qc5 21. Rae1 Red8 22. Nd1 Qb4 23. Ne3 Qd2 24. Ng4 h5 25. gxh6 Rac8 26. h7+ Kh8 27. Nxe5 Rc7 28. Rg1 Bh6 29. Nf3 Qf4 30. Qg3 Rdc8 31. Ng5 Bxg5 32. Qxg5 Qf3+ 33. Rg2 Rxc2 34. Bxc2 Rxc2 35. Qg3 Bxe4 36. Rxe4 Qxe4 37. h3 Rxb2 0-1

[Event "HUN-chT2 Erkel 0708"]
[Site "Hungary"]
[Date "2008.03.30"]
[Round "9"]
[White "Kis, Jozsef"]
[Black "Bodrogi, Mihaly"]
[Result "1/2-1/2"]
[WhiteElo "2138"]
[BlackElo "2199"]
[PlyCount "47"]
[EventDate "2007.10.14"]
[EventType "team"]
[EventRounds "11"]
[EventCountry "HUN"]
[SourceTitle "EXT 2009"]
[Source "ChessBase"]
[SourceDate "2008.11.26"]
[SourceVersion "1"]
[SourceVersionDate "2008.11.26"]
[SourceQuality "1"]
[WhiteTeam "HMO"]
[BlackTeam "BEAC II"]
[WhiteTeamCountry "HUN"]
[BlackTeamCountry "HUN"]

1. e4 c5 2. Nf3 d6 3. d4 cxd4 4. Nxd4 Nf6 5. Nc3 g6 6. Be3 Bg7 7. Be2 Nc6 8. Nb3 0-0 9. f4 a5 10. a4 Be6 11. 0-0 Qd7 12. h3 Rfc8 13. Bf3 Qc7 14. Nd5 Bxd5 15. exd5 Nb8 16. Nd4 Qc4 17. Nb5 Nbd7 18. c3 Nc5 19. Ra3 Qd3 20. Bd4 Nfd7 21. Bxg7 Kxg7 22. Bg4 f5 23. Be2 Qe3+ 24. Kh2 1/2-1/2